European journal of social work <the> international forum for the social professions

Na minha lista:
Detalhes bibliográficos
Formato: Periódico
Idioma:inglês
Publicado em: London Taylor & Francis 2017
Tags: Adicionar Tag
Sem tags, seja o primeiro a adicionar uma tag!

MARC

LEADER 00000nas2a2200000 4500
001 0236920
005 20220302081905.5
022 |a 1369-1457 
041 0 |a eng 
044 |a GB 
245 1 0 |a European journal of social work  |b <the> international forum for the social professions 
264 1 |a London  |b Taylor & Francis  |c 2017 
773 0 |w eu_un_cat*0193867 
774 0 |w eu_un_cat*0282248